000 00704nam a2200253Ia 4500
003 OSt
005 20220918214213.0
006 a|||||r|||| 00| 0
007 ta
008 220917b |||||||| |||| 00| 0 eng d
024 _a136,289
037 _cTextual
040 _aARTS
_cARTS
_beng
041 _2eng
_aeng
082 _aX:8K, L9
100 _aKollaritsch Felix P
_9130218
245 0 _aCost systems for planning, decisions and controls
_b concepts and techniques
260 _aOhio
_bGrid Pub
_c1979
300 _a670p.
_ccm.
490 _aGrid series in accounting
650 _aECONOMICS
942 _hX:8K, L9
_cTEXL
_2CC
999 _c259379
_d259379